00821nam a2200217 a 4500001001000000005001700010008004100027020001500068041000800083044000800091050002100099100002400120245014200144260004600286300004200332500010900374504004100483650002600524700002800550700002500578BRCA_373620190320204413.0020930s2001 nyua---##b---#000-0#eng-d a1892535076 aeng anyu 4aTR395b.K73 20011 aKraus, Hans P.cJr.10aSun PicturesbCatalogue Ten : British Paper Negatives, 1839-1864cHans P. Kraus ; text by Larry J. Schaaf ; introduction by Roger Taylor. aNew YorkbHans P. Kraus, Jr., Inc.cc2001 a100 p.bil. (algunas a color)c28 cm. aCatálogo de la exposición realizada en la Galería Hans P. Kraus, Jr., Inc., 2 abril - 5 mayo, 2001 aIncluye referencias bibliográficas14aCalotipovCatálogos1 aSchaaf, Larry J.d1947-1 aTaylor, Rogerd1940-